The unforgettable mailman / April Howells.
Available copies
- 0 of 2 copies available at LARL/NWRL Consortium.
- 0 of 2 copies available at Lake Agassiz Regional Library. (Show preferred library)
Current holds
0 current holds with 2 total copies.
Show All Copies
| Location | Call Number / Copy Notes | Barcode | Shelving Location | Status | Due Date |
|---|---|---|---|---|---|
Record details
- ISBN: 9798892425254
- ISBN: 9798892425261
- Physical Description: 328 pages ; 21 cm
- Edition: First edition.
- Publisher: New York, N.Y. : Alcove Press, 2026.
- Copyright: ©2026
Content descriptions
| Summary, etc.: | 1966, Chicago. Backlogged with millions of ... Read More |
Search for related items by subject
| Subject: | United States Postal Service > Fiction. Friendship > Fiction. Letter carriers > Fiction. Memory > Age factors > Fiction. Older men > Fiction. Chicago (Ill.) > Fiction. |
| Genre: | Historical fiction. |
| LDR | 02402cam a2200481 i 4500 | ||
|---|---|---|---|
| 001 | 485037 | ||
| 003 | LARL_NWRL_CONSORTIUM | ||
| 005 | 20260520133702.0 | ||
| 008 | 250731t20262026nyu e 000 1 eng d | ||
| 040 | . | ‡aYDX ‡beng ‡erda ‡cYDX ‡dOCLCO ‡dBDX ‡dIG# ‡dOCLCQ ‡dIZ8 ‡dOCLCO ‡dPBU ‡dZGR | |
| 019 | . | ‡a1529914806 ‡a1557408652 | |
| 020 | . | ‡a9798892425254 ‡q(hardcover) | |
| 020 | . | ‡a9798892425261 ‡q(paperback) | |
| 035 | . | ‡a(OCoLC)1529915192 ‡z(OCoLC)1529914806 ‡z(OCoLC)1557408652 | |
| 100 | 1 | . | ‡aHowells, April, ‡eauthor. |
| 245 | 1 | 4. | ‡aThe unforgettable mailman / ‡cApril Howells. |
| 250 | . | ‡aFirst edition. | |
| 264 | 1. | ‡aNew York, N.Y. : ‡bAlcove Press, ‡c2026. | |
| 264 | 4. | ‡c©2026 | |
| 300 | . | ‡a328 pages ; ‡c21 cm | |
| 336 | . | ‡atext ‡btxt ‡2rdacontent | |
| 337 | . | ‡aunmediated ‡bn ‡2rdamedia | |
| 338 | . | ‡avolume ‡bnc ‡2rdacarrier | |
| 520 | . | ‡a1966, Chicago. Backlogged with millions of undelivered letters, the post office announces a temporary closure. But eighty-one-year-old Henry Walton can't stand idly by when there's mail waiting to be delivered. He believes letters are what keep people connected, and he's not about to let them get lost in the chaos. Plus, connection keeps the mind sharp--according to a note someone's pinned up in his kitchen. While the post office scrambles to get things under control, Henry races against time and forgetfulness. Taking it upon himself to deliver the mail, he discovers hatred and tragedy, triumph and joy in the letters he carries and the people he meets along the way. | |
| 610 | 2 | 0. | ‡aUnited States Postal Service ‡vFiction. |
| 650 | 0. | ‡aFriendship ‡vFiction. ‡0(LARL_NWRL_CONSORTIUM)164944 | |
| 650 | 0. | ‡aLetter carriers ‡vFiction. ‡0(LARL_NWRL_CONSORTIUM)165937 | |
| 650 | 0. | ‡aMemory ‡xAge factors ‡vFiction. | |
| 650 | 0. | ‡aOlder men ‡vFiction. ‡0(LARL_NWRL_CONSORTIUM)166495 | |
| 651 | 0. | ‡aChicago (Ill.) ‡vFiction. ‡0(LARL_NWRL_CONSORTIUM)164108 | |
| 655 | 7. | ‡aHistorical fiction. ‡2lcgft | |
| 936 | . | ‡aBATCHLOAD | |
| 901 | . | ‡a485037 ‡bOCoLC ‡c485037 ‡tbiblio ‡soclc | |

Add to basket
Permalink
Disable Highlighting